000
00204 a2200097 4500
001
4394
100
_a
Henney,
245
_a
Radio engineering hand book
260
_a
_b
Mcgrawhill
_c
090
_c
3591
_d
3591
942
_a
NUST-CAE
_c
M
_c
28791
999
_c
239467
_d
239467